N.S. Bindra's pleadings and practice : (Record no. 136874)
[ view plain ]
| 000 -LEADER | |
|---|---|
| fixed length control field | 00754nam a22002297a 4500 |
| 010 ## - LIBRARY OF CONGRESS CONTROL NUMBER | |
| LC control number | B-024326 |
| 020 ## - INTERNATIONAL STANDARD BOOK NUMBER | |
| International Standard Book Number | 8185470936 |
| Terms of availability | 1300(set) |
| 035 ## - SYSTEM CONTROL NUMBER | |
| System control number | B-024326 |
| 037 ## - SOURCE OF ACQUISITION | |
| Source of stock number/acquisition | Cen Lib / Ret |
| 040 ## - CATALOGING SOURCE | |
| Original cataloging agency | DPL |
| Language of cataloging | EN |
| 082 ## - DEWEY DECIMAL CLASSIFICATION NUMBER | |
| Classification number | 347.072 |
| Item number | BIN |
| 100 ## - MAIN ENTRY--PERSONAL NAME | |
| Personal name | Bindra's, N. S. |
| 245 ## - TITLE STATEMENT | |
| Title | N.S. Bindra's pleadings and practice : |
| Remainder of title | with 1109 model forms of plaints and defebces / |
| Statement of responsibility, etc | by K. Shanmukham |
| 250 ## - EDITION STATEMENT | |
| Edition statement | 8th ed |
| 260 ## - PUBLICATION, DISTRIBUTION, ETC. (IMPRINT) | |
| Place of publication, distribution, etc | Allahabad |
| Name of publisher, distributor, etc | The Law Book Co |
| Date of publication, distribution, etc | 1997 |
| 270 ## - ADDRESS | |
| Address | Sardar Patel Marg PO Box no. 1-004 |
| City | Allahabad |
| Postal code | 211001 |
| 300 ## - PHYSICAL DESCRIPTION | |
| Extent | (v 1. 873 ; v 2. xliii, 878-1788p) |
| Dimensions | 27cm(Hb) |
| 650 ## - SUBJECT ADDED ENTRY--TOPICAL TERM | |
| Topical term or geographic name as entry element | Pleading -- India. |
| 650 ## - SUBJECT ADDED ENTRY--TOPICAL TERM | |
| Topical term or geographic name as entry element | Pleading -- India -- Forms. |
| 700 ## - ADDED ENTRY--PERSONAL NAME | |
| Personal name | Shanmukham, K. |
| 942 ## - ADDED ENTRY ELEMENTS (KOHA) | |
| Source of classification or shelving scheme | Dewey Decimal Classification |
| Koha item type | English Books |
| Classification part | 347.072 |
| Call number suffix | BIN |
| Withdrawn status | Lost status | Source of classification or shelving scheme | Materials specified (bound volume or other part) | Damaged status | Not for loan | Home library | Current library | Date acquired | Source of acquisition | Cost, normal purchase price | Total Checkouts | Full call number | Barcode | Date last seen | Copy number | Cost, replacement price | Price effective from | Koha item type |
|---|---|---|---|---|---|---|---|---|---|---|---|---|---|---|---|---|---|---|
| Dewey Decimal Classification | v 2 | Central Library | Central Library | 11/03/2016 | Cen Lib/Ret | 1300.00 | 347.072 BIN | B-024326 | 11/03/2016 | 1 | 1300.00 | 11/03/2016 | English Books | |||||
| v 1 | Central Library | Central Library | 11/03/2016 | Cen Lib/Ret | 1300.00 | 347.072 BIN | B-024325 | 11/03/2016 | 1 | 1300.00 | 11/03/2016 | English Books |
